Catálogo público

Energía alterna y biocombustibles : (Record no. 218556)

MARC details
000 -CABECERA
campo de control de longitud fija 02690nam a2200457 a 4500
003 - IDENTIFICADOR DEL NÚMERO DE CONTROL
campo de control CHAP
005 - FECHA Y HORA DE LA ÚLTIMA TRANSACCIÓN
campo de control 20230317190042.0
007 - CAMPO FIJO DE DESCRIPCIÓN FÍSICA--INFORMACIÓN GENERAL
campo de control de longitud fija ta
008 - DATOS DE LONGITUD FIJA--INFORMACIÓN GENERAL
campo de control de longitud fija 230316s2013 mx adbof |||| 001 0 spa d
020 ## - NÚMERO INTERNACIONAL ESTÁNDAR DEL LIBRO
Número Internacional Estándar del Libro 978-607-715-104-3
040 ## - FUENTE DE LA CATALOGACIÓN
Normas de descripción rda
Centro catalogador/agencia de origen mxchpua
Centro/agencia transcriptor CHAP
050 10 - SIGNATURA TOPOGRÁFICA DE LA BIBLIOTECA DEL CONGRESO
Número de clasificación TP339
Número de documento/Ítem .E54 2013
082 00 - NÚMERO DE LA CLASIFICACIÓN DECIMAL DEWEY
Número de clasificación 621.3121
Número de documento/Ítem E54 2013
Número de edición 20
245 10 - MENCIÓN DE TÍTULO
Título Energía alterna y biocombustibles :
Resto del título innovación e investigación para un desarrollo sustentable /
Mención de responsabilidad, etc. editores Arturo Pérez Vázquez y Eliseo García Pérez
250 ## - MENCIÓN DE EDICIÓN
Mención de edición 1a edición
264 ## - PRODUCCIÓN, PUBLICACIÓN, DISTRIBUCIÓN, FABRICACIÓN Y COPYRIGHT
Producción, publicación, distribución, fabricación y copyright México :
Nombre del de productor, editor, distribuidor, fabricante Colegio de Postgraduados,
Fecha de producción, publicación, distribución, fabricación o copyright 2013
300 ## - DESCRIPCIÓN FÍSICA
Extensión vi, 208 paginas :
Otras características físicas ilustraciones, gráficas, mapas, fotografías
336 ## - TIPO DE CONTENIDO
Fuente rdacontent
Término de tipo de contenido texto
Código de tipo de contenido txt
337 ## - TIPO DE MEDIO
Fuente rdamedia
Nombre/término del tipo de medio sin medio
Código del tipo de medio n
338 ## - TIPO DE SOPORTE
Fuente rdacarrier
Nombre/término del tipo de soporte volumen
Código del tipo de soporte nc
490 1# - MENCIÓN DE SERIE
Mención de serie Biblioteca Básica de Agricultura (Colegio de Postgraduados)
Designación de volumen o secuencia 41
504 ## - NOTA DE BIBLIOGRAFÍA, ETC.
Nota de bibliografía, etc. Incluye bibliografía
505 0# - NOTA DE CONTENIDO CON FORMATO
Nota de contenido con formato Experiencias exitosas --<br/>– Energías alternas --<br/>– Germoplasma y mejoramiento genético --<br/>– Industrialización y comercialización --<br/>– Manejo agronómico --<br/>– Aspectos socioeconómicos y ambientales
520 2# - SUMARIO, ETC.
Sumario, etc. Los biocombustibles son un tema sin duda polémico, con relevancia actual y futura. En esta obra se incluyen 19 contribuciones de diferentes autores, presentadas en el Congreso Internacional sobre Biocombustibles y Energías Alternas, que se realizó en el World Trade Center de la ciudad de Boca del Río, Ver., México, en octubre de 2011.<br/>Aquí se presentan avances científicos importantes sobre fuentes de energía alterna y biocombustibles, por expertos de diversos países (Brasil, Alemania, Colombia, Argentina y México).<br/><br/>Los estudiosos de estos temas podrán documentar aquí sus inquietudes sobre estos tópicos, así como encontrar resultados tangibles, cuya aplicación puede contribuir a mitigar los efectos de la crisis energética mundial y a paliar los efectos del cambio climático, acentuado por la quema de combustibles fósiles.
650 13 - PUNTO DE ACCESO ADICIONAL DE MATERIA--TÉRMINO DE MATERIA
9 (RLIN) 36881
Término de materia o nombre geográfico como elemento de entrada Energía
650 13 - PUNTO DE ACCESO ADICIONAL DE MATERIA--TÉRMINO DE MATERIA
9 (RLIN) 186444
Término de materia o nombre geográfico como elemento de entrada Fuentes de energía renovable
650 13 - PUNTO DE ACCESO ADICIONAL DE MATERIA--TÉRMINO DE MATERIA
9 (RLIN) 186446
Término de materia o nombre geográfico como elemento de entrada Industria bioenergética
650 13 - PUNTO DE ACCESO ADICIONAL DE MATERIA--TÉRMINO DE MATERIA
9 (RLIN) 12731
Término de materia o nombre geográfico como elemento de entrada Bioenergía
650 13 - PUNTO DE ACCESO ADICIONAL DE MATERIA--TÉRMINO DE MATERIA
9 (RLIN) 12825
Término de materia o nombre geográfico como elemento de entrada Biomasa
650 13 - PUNTO DE ACCESO ADICIONAL DE MATERIA--TÉRMINO DE MATERIA
9 (RLIN) 151002
Término de materia o nombre geográfico como elemento de entrada Biocombustibles
650 13 - PUNTO DE ACCESO ADICIONAL DE MATERIA--TÉRMINO DE MATERIA
9 (RLIN) 150147
Término de materia o nombre geográfico como elemento de entrada Energy
650 13 - PUNTO DE ACCESO ADICIONAL DE MATERIA--TÉRMINO DE MATERIA
9 (RLIN) 186445
Término de materia o nombre geográfico como elemento de entrada Renewable energy sources
650 13 - PUNTO DE ACCESO ADICIONAL DE MATERIA--TÉRMINO DE MATERIA
9 (RLIN) 186447
Término de materia o nombre geográfico como elemento de entrada Bioenergy industry
650 13 - PUNTO DE ACCESO ADICIONAL DE MATERIA--TÉRMINO DE MATERIA
9 (RLIN) 186448
Término de materia o nombre geográfico como elemento de entrada Bioenergy
650 13 - PUNTO DE ACCESO ADICIONAL DE MATERIA--TÉRMINO DE MATERIA
9 (RLIN) 148614
Término de materia o nombre geográfico como elemento de entrada Biomass
650 10 - PUNTO DE ACCESO ADICIONAL DE MATERIA--TÉRMINO DE MATERIA
9 (RLIN) 151003
Término de materia o nombre geográfico como elemento de entrada Biofuels
700 1# - PUNTO DE ACCESO ADICIONAL--NOMBRE DE PERSONA
9 (RLIN) 90099
Nombre de persona Pérez Vázquez, Arturo
Término indicativo de función/relación editor
700 1# - PUNTO DE ACCESO ADICIONAL--NOMBRE DE PERSONA
9 (RLIN) 46448
Nombre de persona García Pérez, Eliseo
Término indicativo de función/relación editor
830 #0 - PUNTO DE ACCESO ADICIONAL DE SERIE-TÍTULO UNIFORME
9 (RLIN) 186443
Título uniforme Biblioteca Básica de Agricultura (Colegio de Postgraduados)
Número de parte o sección de la obra 41
942 ## - ELEMENTOS DE PUNTO DE ACCESO ADICIONAL (KOHA)
Fuente del sistema de clasificación o colocación Dewey Decimal Classification
Tipo de ítem Koha
Holdings
Estado de retiro Estado de pérdida Fuente del sistema de clasificación o colocación Estado dañado Restricciones de uso No para préstamo Código de colección Localización permanente Ubicación/localización actual Fecha de adquisición Fuente de adquisición Número de inventario Total de préstamos Signatura topográfica completa Código de barras Fecha visto por última vez Número de copia Precio válido a partir de Tipo de ítem Koha Fecha del último préstamo
    Dewey Decimal Classification   Préstamo interno   General Ingenieria Agroindustrial Ingenieria Agroindustrial 09/12/2021 Compra Librería UACh F 39634 Consumo   621.3121 E54 2013 1102014454 17/03/2023 Ej. 1 17/03/2023 Libro  
    Dewey Decimal Classification   Préstamo 5 días   General Ingenieria Agroindustrial Ingenieria Agroindustrial 09/12/2021 Compra Librería UACh F 39634 Consumo 2 621.3121 E54 2013 1102014455 20/06/2025 Ej. 2 17/03/2023 Libro 13/06/2025